000
00339pab a2200145 454500
008
180718b1991 xxu||||| |||| 00| 0 eng d
100
_a
Dutta, P.
245
_a
Private bus options
260
_c
1991
300
_a
33-6
362
_a
Feb.
650
_a
Motor Transportation
773
_a
Journal of Transport Management
909
_a
14174
999
_c
14174
_d
14174